|
|
|
|
| LEADER |
01179cam a2200265 a 4500 |
| 001 |
c000259439 |
| 003 |
CARM |
| 005 |
20070426121344.0 |
| 008 |
920904s1962 cau b 000 0 eng d |
| 019 |
1 |
|
|a 9264072
|5 LACONCORD2021
|
| 035 |
|
|
|a (OCoLC)9193411
|5 LACONCORD2021
|
| 040 |
|
|
|a VU
|b eng
|c VU
|d VCAV
|
| 100 |
1 |
|
|a Pestalozzi, Gerold.
|
| 245 |
1 |
0 |
|a Transportation and land use /
|c by Gerold Pestalozzi.
|
| 260 |
|
|
|a Berkeley, Calif. :
|b Institute of Transportation and Traffic Engineering, University of California,
|c 1962.
|
| 300 |
|
|
|a 13 leaves ;
|c 28 cm.
|
| 490 |
0 |
|
|a Graduate report / University of California, Institute of Transportation and Traffic Engineering
|
| 502 |
|
|
|a Thesis (M.Sc) - University of California, Berkeley.
|
| 504 |
|
|
|a Bibliography: leaf 13.
|
| 650 |
|
0 |
|a Transportation planning.
|
| 650 |
|
0 |
|a Land use.
|
| 710 |
2 |
|
|a University of California, Berkeley.
|b Institute of Transportation and Traffic Engineering.
|
| 852 |
8 |
|
|b CARM
|h A1:AP23E0
|i F01983
|p 0342700
|f BK
|
| 999 |
f |
f |
|i 137a7efd-f51c-5c06-9a58-b1d9b3866a15
|s 3c3dcde1-c3c6-5d5f-9d0f-33a325ccc869
|
| 952 |
f |
f |
|p Can circulate
|a CAVAL
|b CAVAL
|c CAVAL
|d CARM 1 Store
|e F01983
|f A1:AP23E0
|h Other scheme
|i book
|m 0342700
|